000 00431nam a22001457a 4500
005 20250901165810.0
008 250321b |||||||| |||| 00| 0 eng d
020 _a0195731646
050 _aPZ90.F72 .O36 2002
245 _aJe vois tout
_cby Frank Odoi
260 _aNairobi:
_bOxford University Press,
_c2002.
300 _a24 p.:
_bcol. ill.:
_c15 cm.
500 _6[Translated into French by] Angela Uwamahoro Kamanzi
942 _2lcc
999 _c9370
_d9370